000 00200 a2200097 4500
020 _a9781573228565
041 _aeng
100 _aRachel Naomi Remen
245 _aMy grandfathers Blessings
942 _cK
999 _c26867
_d26867